| 000 | 00966nas a2200265 4500 | ||
|---|---|---|---|
| 001 | BR8601993 | ||
| 003 | BR-BrBNA | ||
| 005 | 20231205090430.0 | ||
| 007 | ta | ||
| 008 | 230509b bl.|||p| |||| 00| 00por d | ||
| 040 |
_aBR-BrBNA _bpor _cBiblioteca Nacional de Agricultura |
||
| 041 | _a(Pt) | ||
| 072 | _aE16 | ||
| 100 | 1 | _aMendonca, W.F. de | |
| 100 | 1 | _aAndrade, J.G. de | |
| 245 | 1 |
_aElementos da eficacia e suas associacoes com a produtividade: o caso dos produtores de Afonso Claudio, Estado do Espirito Santo [cafe] _bParte de tese |
|
| 246 | 1 |
_aEfficacy and its association to productivity: a case study of growers of Afonso Claudio, state of Espirito Santo _bPart of thesis |
|
| 650 | _aCAFE | ||
| 650 | _aPRODUTOR | ||
| 650 | _aPRODUTIVIDADE | ||
| 650 | _aESPIRITO SANTO | ||
| 773 | 0 |
_tCiencia e Pratica (Brazil) _xISSN 0100-3267 _g(Jan-Jun 1984), v. 8(1) p. 58-66 _wBR8601993 |
|
| 909 |
_a202311 _bLúcia _c55 _dLúcia Elande |
||
| 942 |
_2AGRIS _n0 _cANA |
||
| 999 |
_c118374 _d118374 |
||